[Event "BL 8586 München 36-Lasker"]
[Site "?"]
[Date "1985.??.??"]
[Round "?.6"]
[White "Krause, C."]
[Black "Jacoby, G."]
[Result "1/2-1/2"]
[WhiteElo "2250"]
[BlackElo "2305"]
[PlyCount "24"]
[EventDate "1985.??.??"]

1. c4 e5 2. Nc3 Nf6 3. Nf3 Nc6 4. e4 Bb4 5. d3 d6 6. g3 O-O 7. Bg2 a6 8. O-O
Bxc3 9. bxc3 b5 10. cxb5 axb5 11. a4 h6 12. Bd2 bxa4 1/2-1/2

[Event "BL 8586 Bayern-HSK"]
[Site "?"]
[Date "1985.??.??"]
[Round "?.1"]
[White "Chandler, M."]
[Black "Ribli, Z."]
[Result "1-0"]
[WhiteElo "2525"]
[BlackElo "2605"]
[PlyCount "63"]
[EventDate "1985.??.??"]

1. e4 c5 2. Nf3 d6 3. d4 cxd4 4. Nxd4 Nf6 5. Nc3 a6 6. Be3 e6 7. Qd2 b5 8. f3
Bb7 9. O-O-O Nbd7 10. g4 h6 11. Bd3 Ne5 12. Kb1 g5 13. h4 gxh4 14. g5 hxg5 15.
Bxg5 Be7 16. Bxh4 Nxd3 17. Qxd3 b4 18. Nxe6 fxe6 19. e5 bxc3 20. exf6 Qb6 21.
Qxc3 Rc8 22. Qd3 Qb5 23. Qg6+ Kd7 24. fxe7 Qf5 25. e8=Q+ Rhxe8 26. Qg7+ Kc6 27.
Rd3 Ba8 28. Rc3+ Kb5 29. Qd7+ Bc6 30. a4+ Ka5 31. Rxc6 Qxf3 32. Be1+ 1-0

[Event "BL 8586 Bayern-HSK"]
[Site "?"]
[Date "1985.??.??"]
[Round "?.2"]
[White "Kindermann, S."]
[Black "Reefschlaeger, H."]
[Result "1-0"]
[WhiteElo "2480"]
[BlackElo "2395"]
[PlyCount "77"]
[EventDate "1985.??.??"]

1. e4 e6 2. d4 d5 3. Nd2 Nf6 4. e5 Nfd7 5. c3 c5 6. Bd3 Nc6 7. Ne2 cxd4 8. cxd4
f6 9. exf6 Nxf6 10. O-O Bd6 11. Nf3 Qc7 12. g3 O-O 13. Bf4 e5 14. dxe5 Nxe5 15.
Nxe5 Bxe5 16. Rc1 Qd6 17. Bxe5 Qxe5 18. Qb3 Kh8 19. Nf4 Qd6 20. Qc3 Bd7 21. Qc7
Qxc7 22. Rxc7 Bc6 23. Ne6 Rac8 24. Rxc8 Rxc8 25. Rc1 Bd7 26. Rxc8+ Bxc8 27. Nd4
a6 28. f3 Kg8 29. Kf2 Kf7 30. Ke3 g6 31. b4 Nd7 32. f4 Nf8 33. f5 Kf6 34. fxg6
hxg6 35. h4 Ke5 36. Be2 Ne6 37. Nf3+ Kf6 38. g4 Ng7 39. Nd4 1-0

[Event "BL 8586 Bayern-HSK"]
[Site "?"]
[Date "1985.??.??"]
[Round "?.4"]
[White "Hecht, H."]
[Black "Gruenberg, Ra"]
[Result "1/2-1/2"]
[WhiteElo "2445"]
[BlackElo "2270"]
[PlyCount "103"]
[EventDate "1985.??.??"]

1. e4 c5 2. Nf3 Nc6 3. Bb5 g6 4. O-O Bg7 5. Re1 Nf6 6. c3 O-O 7. h3 e5 8. d3
Re8 9. Nbd2 a6 10. Bxc6 bxc6 11. Nc4 d6 12. Qa4 Qc7 13. b4 cxb4 14. cxb4 Bd7
15. Qa5 Qxa5 16. bxa5 Bf8 17. Bg5 Nh5 18. Nb6 Ra7 19. Rec1 f6 20. Be3 c5 21.
Nxd7 Rxd7 22. Rab1 f5 23. Rb6 Ra8 24. g4 Ng7 25. Rcb1 f4 26. Bd2 Be7 27. Bc3
Ne8 28. Nd2 Raa7 29. Kg2 Kf8 30. Nc4 Bd8 31. Rb8 Ke7 32. Nb6 Bxb6 33. axb6 Rab7
34. Ra8 Rd8 35. Rxa6 Kd7 36. Ra7 Kc6 37. Rxb7 Kxb7 38. a4 h6 39. a5 Ra8 40. Kf3
Ng7 41. Ke2 Ne6 42. Kd2 Nd8 43. Kc2 Kc6 44. Kb3 Nb7 45. Ka4 Ra6 46. h4 Ra8 47.
Ra1 Ra6 48. h5 g5 49. Rc1 Ra8 50. Ra1 Ra6 51. Kb3 Kb5 52. Rb1 1/2-1/2

[Event "BL 8586 Bayern-HSK"]
[Site "?"]
[Date "1985.??.??"]
[Round "?.5"]
[White "Behrhorst, F."]
[Black "Calvo Minguez, R."]
[Result "1/2-1/2"]
[WhiteElo "2320"]
[BlackElo "2435"]
[PlyCount "63"]
[EventDate "1985.??.??"]

1. d4 Nf6 2. c4 d6 3. Nc3 e5 4. Nf3 Nbd7 5. g3 Be7 6. Bg2 O-O 7. O-O Re8 8. Qc2
Bf8 9. Nd5 c6 10. Nxf6+ Nxf6 11. dxe5 dxe5 12. Rd1 Qb6 13. Be3 Bc5 14. Bxc5
Qxc5 15. Ng5 Bg4 16. h3 Bh5 17. Ne4 Nxe4 18. Bxe4 Bg6 19. Rd7 Rad8 20. Rad1
Rxd7 21. Rxd7 b5 22. b3 bxc4 23. Bxg6 hxg6 24. Qxc4 Qxc4 25. bxc4 Rb8 26. Rxa7
Rb4 27. Ra8+ Kh7 28. Ra5 Rxc4 29. Rxe5 Ra4 30. Rc5 Rxa2 31. Rxc6 Rxe2 32. Kg2
1/2-1/2

[Event "BL 8586 Bayern-HSK"]
[Site "?"]
[Date "1985.??.??"]
[Round "?.6"]
[White "Hertneck, G."]
[Black "Wegner, H."]
[Result "1/2-1/2"]
[WhiteElo "2410"]
[BlackElo "2210"]
[PlyCount "100"]
[EventDate "1985.??.??"]

1. d4 Nf6 2. c4 e6 3. Nc3 Bb4 4. Bg5 h6 5. Bh4 c5 6. d5 Bxc3+ 7. bxc3 e5 8. e3
d6 9. f3 Nbd7 10. Bd3 Qe7 11. Ne2 g5 12. Bg3 h5 13. h4 g4 14. Qc2 Kd8 15. O-O-O
Kc7 16. Kb2 Nb6 17. Rdf1 Bd7 18. Be1 gxf3 19. gxf3 e4 20. fxe4 Ng4 21. e5 Nxe5
22. Rf4 Rag8 23. Ng3 Rg4 24. Qe2 Rhg8 25. Rxg4 Rxg4 26. Nxh5 Nxd3+ 27. Qxd3
Nxc4+ 28. Kc1 Nxe3 29. Bf2 Nf5 30. Re1 Qd8 31. Qf3 Nxh4 32. Qxf7 Nf5 33. Kd1
Qg8 34. Qxg8 Rxg8 35. Re4 Re8 36. Rf4 Re5 37. Nf6 b5 38. a4 a6 39. axb5 axb5
40. Kd2 Bc8 41. Bg1 Ne7 42. Bh2 Nxd5 43. Rf3 Rg5 44. Bxd6+ Kc6 45. Bg3 Bf5 46.
Nxd5 Kxd5 47. Bh4 Rh5 48. Rf4 Be6 49. Kd3 Rh7 50. Bf2 Rh3+ 1/2-1/2

[Event "BL 8586 Bayern-HSK"]
[Site "?"]
[Date "1985.??.??"]
[Round "?.7"]
[White "Cordes, H."]
[Black "Hickl, J."]
[Result "1-0"]
[WhiteElo "2310"]
[BlackElo "2370"]
[PlyCount "63"]
[EventDate "1985.??.??"]

1. d4 Nf6 2. c4 c5 3. d5 g6 4. Nc3 Bg7 5. e4 O-O 6. Nf3 d6 7. h3 Na6 8. Bd3 Nc7
9. O-O Rb8 10. Bf4 e5 11. dxe6 Nxe6 12. Bh2 Ne8 13. e5 dxe5 14. Nxe5 Ra8 15.
Re1 Nf6 16. Qa4 Nd7 17. Rad1 Nd4 18. Qa3 Nxe5 19. Bxe5 Bxh3 20. Bxd4 cxd4 21.
Be4 Bg4 22. Ne2 Re8 23. Qd3 Qc7 24. Rc1 Rad8 25. Bd5 Bf5 26. Qd2 Qb6 27. Red1
Bg4 28. Re1 Re5 29. Nf4 Rde8 30. Rxe5 Rxe5 31. Nd3 Re7 32. Qg5 1-0

[Event "BL 8586 Bayern-HSK"]
[Site "?"]
[Date "1985.??.??"]
[Round "?.8"]
[White "Klundt, K."]
[Black "Hess, C."]
[Result "1-0"]
[WhiteElo "2340"]
[BlackElo "2260"]
[PlyCount "59"]
[EventDate "1985.??.??"]

1. e4 e5 2. Nf3 Nc6 3. Bb5 a6 4. Ba4 Nf6 5. O-O Be7 6. Re1 b5 7. Bb3 d6 8. c3
O-O 9. h3 Na5 10. Bc2 c5 11. d4 Qc7 12. b4 cxb4 13. cxb4 Nc4 14. Nbd2 Bd7 15.
Nxc4 bxc4 16. Re3 a5 17. bxa5 c3 18. Ba3 Qxa5 19. dxe5 Qxa3 20. exf6 Bxf6 21.
e5 Bxe5 22. Nxe5 dxe5 23. Qxd7 Qb2 24. Qd1 Rfd8 25. Qc1 Rac8 26. Bb3 g6 27. Rb1
Qd2 28. Qxd2 Rxd2 29. Kf1 c2 30. Rc1 1-0

[Event "BL 8586 Kreuzberg-Heidelberg"]
[Site "?"]
[Date "1985.??.??"]
[Round "?.1"]
[White "Neunhoeffer, H."]
[Black "Berg, K."]
[Result "0-1"]
[WhiteElo "2235"]
[BlackElo "2350"]
[PlyCount "50"]
[EventDate "1985.??.??"]

1. d4 Nf6 2. c4 c5 3. d5 b5 4. cxb5 a6 5. e3 Bb7 6. Nc3 axb5 7. Bxb5 Qa5 8. Bd2
Qb6 9. Qb3 e6 10. Bc4 Qxb3 11. Bxb3 exd5 12. Nge2 Na6 13. O-O Nc7 14. Rfd1 Bd6
15. Be1 Ke7 16. f4 Ng4 17. Bh4+ g5 18. Bxg5+ f6 19. Nxd5+ Bxd5 20. Bxd5 Nxd5
21. Rxd5 fxg5 22. Rxg5 Nxe3 23. g3 Kf7 24. h3 Rhb8 25. Kf2 Rxb2 0-1

[Event "BL 8586 Kreuzberg-Heidelberg"]
[Site "?"]
[Date "1985.??.??"]
[Round "?.2"]
[White "King, D."]
[Black "Steinbacher, M."]
[Result "1-0"]
[WhiteElo "2435"]
[BlackElo "2290"]
[PlyCount "71"]
[EventDate "1985.??.??"]

1. e4 Nc6 2. Nf3 e6 3. d4 d5 4. Nc3 Bb4 5. e5 b6 6. a3 Bxc3+ 7. bxc3 a5 8. a4
h6 9. Bb5 Nge7 10. Ba3 Bd7 11. h4 Na7 12. Bd3 Bc6 13. h5 Qd7 14. Nh4 O-O-O 15.
Qg4 Rdg8 16. f4 Kb8 17. O-O Nac8 18. f5 exf5 19. Nxf5 g6 20. Ne3 Qe8 21. Qf3
gxh5 22. Qxf7 Rg3 23. Qxe8 Bxe8 24. Rf3 h4 25. Kf2 Rhg8 26. Rh1 Bh5 27. Rf6 Ng6
28. Nxd5 Rxg2+ 29. Kxg2 Nf4+ 30. Kf2 Nxd5 31. Rxh6 Be8 32. R1xh4 Nxc3 33. Rh8
Nd1+ 34. Ke1 Rg1+ 35. Kd2 Bxa4 36. Bf5 1-0

[Event "BL 8586 Zehlendorf-Koblenz"]
[Site "?"]
[Date "1985.??.??"]
[Round "?.2"]
[White "Davies, N."]
[Black "Wolf, V."]
[Result "1/2-1/2"]
[WhiteElo "2350"]
[BlackElo "2315"]
[PlyCount "82"]
[EventDate "1985.??.??"]

1. g3 Nf6 2. Bg2 d5 3. Nf3 e6 4. O-O b6 5. c4 Bb7 6. cxd5 exd5 7. d4 Be7 8.
Qa4+ c6 9. Nc3 O-O 10. Rd1 Nbd7 11. Bf4 h6 12. Rac1 Re8 13. b4 Bf8 14. Qb3 a5
15. bxa5 Rxa5 16. a4 Ba6 17. e4 Bc4 18. Qb1 dxe4 19. Ne5 Nxe5 20. dxe5 Nd5 21.
Bxe4 Qa8 22. Nxd5 Bxd5 23. Bxd5 cxd5 24. Rc7 Rc5 25. Qxb6 Qxa4 26. Rc1 Rxc1+
27. Rxc1 g5 28. Be3 Rxe5 29. Rc7 Qe4 30. Qf6 Rf5 31. Qd8 Qb1+ 32. Rc1 Qb2 33.
Rc8 Qb1+ 34. Rc1 Qb2 35. Rc8 Qb1+ 36. Kg2 Qb4 37. Bc5 Qe4+ 38. Kg1 Qe1+ 39. Kg2
Qe4+ 40. Kg1 Qe1+ 41. Kg2 Qe4+ 1/2-1/2

[Event "BL 8586 Zehlendorf-Koblenz"]
[Site "?"]
[Date "1985.??.??"]
[Round "?.3"]
[White "Andruet, G."]
[Black "Riedel, W."]
[Result "1/2-1/2"]
[WhiteElo "2395"]
[BlackElo "2310"]
[PlyCount "196"]
[EventDate "1985.??.??"]

1. d4 d5 2. c4 c6 3. Nf3 Nf6 4. e3 e6 5. Bd3 Nbd7 6. O-O Bd6 7. Nc3 O-O 8. e4
dxc4 9. Bxc4 e5 10. Bg5 h6 11. Bh4 exd4 12. Qxd4 Bc5 13. Qd2 Ne5 14. Qxd8 Nxf3+
15. gxf3 Rxd8 16. Rfd1 Bh3 17. Ne2 g5 18. Bg3 Re8 19. Bd6 Bxd6 20. Rxd6 Kg7 21.
Rad1 Re5 22. Bb3 Nh5 23. Bxf7 Nf4 24. Bc4 Rf8 25. Nxf4 Rxf4 26. Be2 Re7 27.
R6d3 Ref7 28. Re3 Be6 29. a3 Bh3 30. Bc4 Re7 31. Bf1 Be6 32. Rd6 Bf7 33. Bh3
Bh5 34. Kg2 Bg6 35. Red3 h5 36. Kg3 h4+ 37. Kg2 g4 38. Bxg4 Bxe4 39. fxe4 Rxg4+
40. Kf3 Rgxe4 41. Re3 Rxe3+ 42. fxe3 Kh7 43. Rd4 Rf7+ 44. Ke2 Rg7 45. Rxh4+ Kg8
46. Rf4 Rg2+ 47. Rf2 Rg5 48. Kf3 Rf5+ 49. Kg3 Rg5+ 50. Kf4 Rh5 51. e4 Rb5 52.
e5 Kf7 53. Kf5 Rb3 54. Rd2 Ke7 55. Rg2 Rf3+ 56. Ke4 Rb3 57. Kf5 Rf3+ 58. Kg5
Re3 59. Kf4 Rh3 60. Kg4 Re3 61. Kf4 Rh3 62. Re2 Ke6 63. Kg4 Rh8 64. h4 Rg8+ 65.
Kh3 Rh8 66. Re4 a5 67. Rg4 Kxe5 68. Rg5+ Kf4 69. Rxa5 Rd8 70. Ra4+ Kf5 71. Rb4
Rd3+ 72. Kg2 b5 73. Kf2 Rh3 74. Kg2 Rd3 75. b3 Rc3 76. Kf2 Rh3 77. Ke2 Ke5 78.
Kd2 Kd5 79. Kc2 Kc5 80. Re4 Kb6 81. a4 bxa4 82. bxa4 c5 83. Rg4 Ka5 84. Kd2 Ra3
85. Rf4 Rh3 86. Ke2 Rc3 87. Kd2 Rh3 88. Rc4 Kb6 89. Kc2 Kc6 90. Kb2 Kb6 91. Rf4
Ka5 92. Kc2 Kb6 93. Kd2 Ra3 94. Ke2 Ka5 95. Kf2 Rc3 96. Kg2 Rc2+ 97. Kg3 Rc3+
98. Rf3 Rc1 1/2-1/2

[Event "BL 8586 Zehlendorf-Koblenz"]
[Site "?"]
[Date "1985.??.??"]
[Round "?.5"]
[White "Schlick, V."]
[Black "Lieb, H."]
[Result "1-0"]
[WhiteElo "2260"]
[BlackElo "2275"]
[PlyCount "75"]
[EventDate "1985.??.??"]

1. e4 e6 2. d4 d5 3. Nc3 Bb4 4. e5 Qd7 5. Nh3 b6 6. Nf4 Ba6 7. Bxa6 Nxa6 8. O-O
Nb8 9. Qf3 Nc6 10. Nce2 Bf8 11. b3 Nge7 12. c4 Rd8 13. Bb2 g6 14. cxd5 Nxd5 15.
Nxd5 Qxd5 16. Qe3 Ne7 17. Nc3 Qd7 18. Ne4 Bg7 19. Rad1 Nd5 20. Qf3 Qe7 21. Bc1
h6 22. Qg3 Rd7 23. h4 Kd8 24. h5 Qe8 25. Qd3 Kc8 26. a4 a5 27. Bd2 Kd8 28. Qc4
Qe7 29. Qc6 Ke8 30. b4 Nxb4 31. Bxb4 Qxb4 32. hxg6 Qe7 33. d5 Kf8 34. dxe6 Rxd1
35. Rxd1 Bxe5 36. Rd7 fxe6 37. Qa8+ Qe8 38. Rf7+ 1-0

[Event "BL 8586 Heidelberg-Zehlendorf"]
[Site "?"]
[Date "1985.??.??"]
[Round "?.1"]
[White "Pritchett, C."]
[Black "Neunhoeffer, H."]
[Result "1-0"]
[WhiteElo "2395"]
[BlackElo "2235"]
[PlyCount "103"]
[EventDate "1985.??.??"]

1. e4 e5 2. Nf3 Nc6 3. Bb5 a6 4. Ba4 Nf6 5. O-O Be7 6. Re1 b5 7. Bb3 d6 8. c3
O-O 9. h3 Na5 10. Bc2 c5 11. d4 Qc7 12. Nbd2 Bd7 13. Nf1 cxd4 14. cxd4 Rac8 15.
Re2 Nc6 16. Ng3 exd4 17. Nxd4 Nxd4 18. Qxd4 Be6 19. Bf4 Nd7 20. Rd1 Ne5 21. Nf5
Bxf5 22. exf5 Rfd8 23. Be4 Bf6 24. Qd5 Qc5 25. b3 Qxd5 26. Rxd5 Kf8 27. g4 h6
28. Kg2 Rd7 29. Red2 Ke7 30. Bxe5 Bxe5 31. f6+ Bxf6 32. Bf5 Rc6 33. Bxd7 Kxd7
34. f4 Be7 35. Rf5 Ke8 36. a4 Rc5 37. axb5 axb5 38. Rxc5 dxc5 39. Kf3 g6 40.
Ke4 Kf8 41. Rd7 c4 42. bxc4 bxc4 43. Rc7 Ba3 44. Rxc4 Kg7 45. Kd5 Kf6 46. Rc6+
Kg7 47. Rc3 Bb4 48. Rc4 Bd2 49. Ke5 Be1 50. Kd6 Kf6 51. Kd7 Bd2 52. Ke8 1-0

[Event "BL 8586 Heidelberg-Zehlendorf"]
[Site "?"]
[Date "1985.??.??"]
[Round "?.2"]
[White "Steinbacher, M."]
[Black "Davies, N."]
[Result "1-0"]
[WhiteElo "2290"]
[BlackElo "2350"]
[PlyCount "101"]
[EventDate "1985.??.??"]

1. e4 g6 2. d4 Bg7 3. c3 Nf6 4. f3 O-O 5. Be3 d6 6. Nd2 Nc6 7. Bb5 Bd7 8. Ne2
Qe8 9. a4 a6 10. Bxc6 Bxc6 11. O-O e6 12. c4 Nh5 13. Qb3 b6 14. Nc3 f5 15. d5
Bd7 16. a5 b5 17. cxb5 axb5 18. dxe6 Bxe6 19. Qxb5 Qd8 20. Qc6 f4 21. Bf2 Qg5
22. Rfe1 Kh8 23. Kf1 Rxa5 24. Qxc7 Ng3+ 25. hxg3 Rxa1 26. Rxa1 fxg3 27. Ra7 Bf7
28. Be1 Qh4 29. Qxd6 Qh1+ 30. Ke2 Qxg2+ 31. Kd3 Qg1 32. Rxf7 Rxf7 33. Bxg3 Qa7
34. Kc2 Qa5 35. Qd5 Qa7 36. Bb8 Qe7 37. f4 Qe8 38. Nc4 Rd7 39. Bd6 h5 40. Ne5
Ra7 41. b4 h4 42. b5 Ra5 43. Nf7+ Kh7 44. Ng5+ Kh8 45. Nf7+ Kh7 46. Ng5+ Kh8
47. e5 Qc8 48. Nf7+ Kh7 49. Ng5+ Kh8 50. Kb3 Bh6 51. Qf7 1-0

[Event "BL 8586 Heidelberg-Zehlendorf"]
[Site "?"]
[Date "1985.??.??"]
[Round "?.3"]
[White "Riedel, W."]
[Black "Mack, P."]
[Result "1/2-1/2"]
[WhiteElo "2310"]
[BlackElo "2280"]
[PlyCount "72"]
[EventDate "1985.??.??"]

1. e4 e6 2. d4 d5 3. Nd2 Nf6 4. e5 Nfd7 5. f4 c5 6. Ndf3 Nc6 7. Be3 Qb6 8. Rb1
f6 9. Ne2 cxd4 10. Nexd4 fxe5 11. fxe5 Nxd4 12. Bxd4 Bc5 13. c3 O-O 14. b4 Bxd4
15. Qxd4 Qxd4 16. cxd4 Nb6 17. Rc1 Bd7 18. Bd3 Rac8 19. Ke2 Nc4 20. Ng5 h6 21.
Bxc4 dxc4 22. Ne4 Bc6 23. Nd6 Bxg2 24. Nxc8 Bxh1 25. Rxc4 a6 26. Rc1 Bg2 27.
Rc7 Rf7 28. Rxf7 Kxf7 29. a4 g5 30. b5 axb5 31. axb5 h5 32. Kf2 Bh1 33. Kg3 Kg6
34. Ne7+ Kf7 35. Nc8 Kg6 36. Ne7+ Kf7 1/2-1/2

[Event "BL 8586 Koblenz-Kreuzberg"]
[Site "?"]
[Date "1985.??.??"]
[Round "?.2"]
[White "Wolf, V."]
[Black "King, D."]
[Result "1/2-1/2"]
[WhiteElo "2315"]
[BlackElo "2435"]
[PlyCount "82"]
[EventDate "1985.??.??"]

1. e4 c5 2. Nf3 d6 3. d4 cxd4 4. Nxd4 Nf6 5. Nc3 a6 6. Be2 e5 7. Nb3 Be7 8. Bg5
Be6 9. Bxf6 Bxf6 10. Nd5 Bg5 11. h4 Be7 12. g3 Nd7 13. a4 Nf6 14. Nxf6+ Bxf6
15. c4 O-O 16. Nd2 Qa5 17. O-O Bd8 18. b3 Bb6 19. Kg2 Bc5 20. Ra2 Bd7 21. Rc2
Bc6 22. Bf3 Qb4 23. Kh2 g6 24. h5 Kg7 25. Kg2 Qb6 26. Qe2 Qd8 27. Nb1 Qg5 28.
Nc3 Rae8 29. Qd2 Qxd2 30. Rxd2 f5 31. Nd5 a5 32. hxg6 hxg6 33. g4 fxg4 34. Bxg4
Rf7 35. f3 Bxd5 36. Rxd5 Ref8 37. Rh1 Rh8 38. Rdd1 Rff8 39. Rxh8 Rxh8 40. Rh1
Rxh1 41. Kxh1 Kf6 1/2-1/2

[Event "BL 8586 Koblenz-Kreuzberg"]
[Site "?"]
[Date "1985.??.??"]
[Round "?.5"]
[White "Konieczka, F."]
[Black "Andruet, G."]
[Result "1/2-1/2"]
[WhiteElo "2240"]
[BlackElo "2395"]
[PlyCount "84"]
[EventDate "1985.??.??"]

1. e4 e5 2. Nf3 Nf6 3. Bc4 Nxe4 4. Nc3 Nxc3 5. dxc3 f6 6. O-O d6 7. Nh4 g6 8.
f4 f5 9. Nf3 d5 10. Bxd5 Bc5+ 11. Kh1 c6 12. Bc4 Qxd1 13. Rxd1 e4 14. Ne5 Nd7
15. b4 Bb6 16. b5 Nxe5 17. fxe5 e3 18. Ba3 c5 19. e6 Ke7 20. Rd5 Kf6 21. Re1 f4
22. Rf1 Bxe6 23. Rxf4+ Kg7 24. Re5 Bxc4 25. Re7+ Kh6 26. Rxc4 Rhe8 27. Rce4
Rxe7 28. Rxe7 Rd8 29. h4 c4 30. Kh2 g5 31. Re6+ Kg7 32. Bc1 Kf7 33. Re4 Rd2 34.
hxg5 Re2 35. Kg3 Re1 36. Ba3 Ra1 37. Bb4 Rxa2 38. Rxc4 Rxc2 39. Re4 Rf2 40. c4
Bc7+ 41. Kh3 Bf4 42. c5 Bxg5 1/2-1/2

[Event "BL 8586 Koblenz-Kreuzberg"]
[Site "?"]
[Date "1985.??.??"]
[Round "?.6"]
[White "Brueckner, T."]
[Black "Grzesik, T."]
[Result "1/2-1/2"]
[WhiteElo "2265"]
[BlackElo "2335"]
[PlyCount "71"]
[EventDate "1985.??.??"]

1. c4 Nf6 2. Nf3 c6 3. d4 d5 4. Nc3 e6 5. Bg5 h6 6. Bxf6 Qxf6 7. e3 Nd7 8. Bd3
Qd8 9. O-O Be7 10. Rc1 O-O 11. e4 dxc4 12. Bxc4 b5 13. Bb3 b4 14. Ne2 Ba6 15.
Re1 Rc8 16. Nf4 c5 17. Bxe6 fxe6 18. Nxe6 Qb6 19. Nxf8 Rxf8 20. d5 c4 21. d6
Bf6 22. e5 Bxe5 23. Qd5+ Kh8 24. Nxe5 Nxe5 25. Qxe5 Qxf2+ 26. Kh1 Bb7 27. Qg3
Qxb2 28. Rxc4 Qd2 29. Rg1 Rf5 30. d7 Qxd7 31. Rc7 Bxg2+ 32. Rxg2 Rf1+ 33. Rg1
Qd5+ 34. Qg2 Rxg1+ 35. Kxg1 Qd1+ 36. Qf1 1/2-1/2

[Event "BL 8586 Koblenz-Kreuzberg"]
[Site "?"]
[Date "1985.??.??"]
[Round "?.7"]
[White "Sprotte, N."]
[Black "Schlick, V."]
[Result "0-1"]
[WhiteElo "2245"]
[BlackElo "2260"]
[PlyCount "68"]
[EventDate "1985.??.??"]

1. Nf3 c5 2. b3 Nc6 3. c4 d6 4. Bb2 e5 5. Nc3 g6 6. e3 Bg7 7. Nd5 Nge7 8. d3
O-O 9. Qd2 h6 10. Be2 f5 11. Nxe7+ Qxe7 12. O-O-O a5 13. a4 Nb4 14. Ne1 d5 15.
cxd5 Nxd5 16. d4 cxd4 17. exd4 e4 18. Nc2 Rd8 19. f3 e3 20. Qe1 Be6 21. Bc4 Qf7
22. Rd3 Nb4 23. Nxb4 Bxc4 24. bxc4 Qxc4+ 25. Qc3 Qxc3+ 26. Rxc3 Bxd4 27. Rc4
Bxb2+ 28. Kxb2 axb4 29. Re1 Rd2+ 30. Kc1 Rxa4 31. Rxe3 Rxg2 32. Kb1 Ra3 33. Re7
Rb3+ 34. Ka1 Rc3 0-1

[Event "BL 8586 Sindelfingen-Zähringen"]
[Site "?"]
[Date "1986.??.??"]
[Round "?.1"]
[White "Vatter, H."]
[Black "Darga, K."]
[Result "1/2-1/2"]
[WhiteElo "2260"]
[BlackElo "2470"]
[PlyCount "50"]
[EventDate "1986.??.??"]

1. e4 c5 2. c3 d5 3. exd5 Qxd5 4. d4 e6 5. Nf3 Nf6 6. Na3 Qd8 7. Nc2 Be7 8. Bd3
Nbd7 9. Qe2 O-O 10. O-O b6 11. Bg5 Bb7 12. Rad1 Qc7 13. Rfe1 Rfd8 14. Bh4 Nf8
15. Ne5 Nd5 16. Bg3 Bd6 17. dxc5 Qxc5 18. Nd4 Bxe5 19. Bxe5 Ng6 20. Bxg6 hxg6
21. Qg4 Ne7 22. h4 Nc6 23. Nxc6 Rxd1 24. Rxd1 Bxc6 25. Qd4 Qd5 1/2-1/2

[Event "BL 8586 Sindelfingen-Zähringen"]
[Site "?"]
[Date "1986.??.??"]
[Round "?.2"]
[White "Fahnenschmidt, G."]
[Black "Herbrechtsmeier, C."]
[Result "1-0"]
[WhiteElo "2335"]
[BlackElo "2330"]
[PlyCount "101"]
[EventDate "1986.??.??"]

1. c4 e6 2. d4 Nf6 3. Nf3 d5 4. g3 dxc4 5. Bg2 c5 6. O-O Nc6 7. Qa4 cxd4 8.
Nxd4 Qxd4 9. Bxc6+ Bd7 10. Rd1 Qxd1+ 11. Qxd1 Bxc6 12. Nd2 h5 13. Nxc4 h4 14.
Bf4 hxg3 15. Bxg3 Ne4 16. Ne5 Nxg3 17. Nxc6 Nxe2+ 18. Qxe2 bxc6 19. Qa6 Bd6 20.
Qxc6+ Ke7 21. Qb7+ Kf6 22. Qf3+ Ke7 23. Qb7+ Kf6 24. Qf3+ Ke7 25. h3 g5 26. Rd1
Bf4 27. Qa3+ Kf6 28. Rd7 Rh7 29. Qc3+ Kg6 30. Qd3+ Kh6 31. Qd4 Rg8 32. Rxa7 Bb8
33. Rd7 g4 34. Rd8 Rxd8 35. Qxd8 Be5 36. Qh4+ Kg6 37. Qxg4+ Kf6 38. Qf3+ Kg7
39. b4 Rh4 40. Qb3 Rf4 41. Kg2 Kf6 42. a4 Bd4 43. f3 Rf5 44. h4 Rf4 45. Kg3 Be5
46. Kh3 Bd4 47. a5 e5 48. Kg3 Ba7 49. b5 Bb8 50. Kh3 e4 51. fxe4 1-0

[Event "BL 8586 Porz-Wuppertal"]
[Site "?"]
[Date "1986.??.??"]
[Round "?.2"]
[White "Hort, V."]
[Black "Schneider, B1."]
[Result "1-0"]
[WhiteElo "2545"]
[BlackElo "2290"]
[PlyCount "104"]
[EventDate "1986.??.??"]

1. d4 g6 2. e4 Bg7 3. Nf3 c6 4. c3 d5 5. e5 Nh6 6. Bf4 f6 7. Bd3 Nf7 8. Qe2
fxe5 9. Nxe5 Nxe5 10. Bxe5 Bxe5 11. Qxe5 O-O 12. Nd2 Nd7 13. Qe6+ Rf7 14. O-O
Nc5 15. Qe3 Nxd3 16. Qxd3 Bf5 17. Qe3 Qb6 18. b3 Qa6 19. Nf3 Qd3 20. Qc1 Rf6
21. Ne5 Qa6 22. Qe3 Raf8 23. f3 Qa3 24. Rf2 Qd6 25. Re1 b6 26. b4 Bc8 27. a3
Bf5 28. Rfe2 Bc8 29. Qf2 Bf5 30. h3 Bc8 31. Qh4 Bf5 32. Qh6 Bc8 33. Nd3 R8f7
34. Re5 Ba6 35. Nf2 Bc8 36. Qe3 Kf8 37. c4 Rf5 38. cxd5 cxd5 39. Ng4 Rxe5 40.
Nxe5 Rf6 41. h4 Kg8 42. h5 a5 43. hxg6 hxg6 44. Kf2 e6 45. Qg5 Qe7 46. b5 Bd7
47. Rh1 Be8 48. Kg3 Bxb5 49. Rb1 Be8 50. Rxb6 a4 51. Rb8 Kg7 52. Rc8 Kg8 1-0

[Event "BL 8586 Porz-Wuppertal"]
[Site "?"]
[Date "1986.??.??"]
[Round "?.4"]
[White "Gruen, G."]
[Black "Ingenerf, S."]
[Result "1-0"]
[WhiteElo "2410"]
[BlackElo "2270"]
[PlyCount "99"]
[EventDate "1986.??.??"]

1. Nf3 Nf6 2. g3 g6 3. Bg2 Bg7 4. O-O O-O 5. c4 d6 6. Nc3 Nc6 7. Rb1 e5 8. b4
Re8 9. b5 Nd4 10. d3 Bg4 11. Nd2 Qc8 12. Re1 h6 13. Ba3 b6 14. Bxa8 Qxa8 15. f3
Bh3 16. e3 Ne6 17. Nde4 Nxe4 18. Nxe4 Ng5 19. Nxg5 hxg5 20. e4 f5 21. Qd2 Bf6
22. Bb2 c5 23. a4 Rf8 24. a5 Be7 25. Bc3 Qe8 26. exf5 Rxf5 27. Re3 Qf7 28. Qe2
Bf8 29. g4 Rf4 30. Be1 Bg7 31. Bg3 Rf6 32. axb6 axb6 33. Qa2 Kh7 34. Qa8 e4 35.
Qxe4 Qa7 36. Re2 Qa3 37. Qd5 Kh6 38. f4 Kh7 39. Qxg5 Qxd3 40. Rbe1 Rf5 41. Qh4+
Rh5 42. gxh5 Bd4+ 43. Bf2 Bxf2+ 44. Qxf2 Bg4 45. hxg6+ Qxg6 46. Re7+ Kh6 47.
Qg3 Kh5 48. R7e6 Qf7 49. f5 Qxf5 50. R1e4 1-0

[Event "BL 8586 Bamberg-Erlangen"]
[Site "?"]
[Date "1986.??.??"]
[Round "?.1"]
[White "Hartmann, Wo"]
[Black "Seppeur, R."]
[Result "0-1"]
[WhiteElo "2315"]
[BlackElo "2295"]
[PlyCount "74"]
[EventDate "1986.??.??"]

1. e4 c5 2. Nc3 Nc6 3. Nge2 g6 4. d4 cxd4 5. Nxd4 Bg7 6. Be3 d6 7. Bc4 Nf6 8.
h3 O-O 9. Bb3 Bd7 10. O-O Rc8 11. Re1 Na5 12. Qd3 a6 13. Nd5 Nxd5 14. exd5 Bf6
15. c3 b5 16. Bh6 Re8 17. Re4 Nc4 18. Qe2 Rc5 19. a4 Rxd5 20. axb5 axb5 21.
Nxb5 Rxb5 22. Bxc4 Rh5 23. Bc1 d5 24. g4 dxe4 25. gxh5 Bxh3 26. hxg6 hxg6 27.
Qxe4 Qd1+ 28. Kh2 Qh5 29. Kg1 Bf5 30. Qg2 Kg7 31. Bf4 Rh8 32. Re1 Qh4 33. Qh2
e5 34. Rxe5 Qg4+ 35. Qg3 Bxe5 36. Bxe5+ f6 37. Bd4 Be4 0-1

[Event "BL 8586 Bamberg-Erlangen"]
[Site "?"]
[Date "1986.??.??"]
[Round "?.2"]
[White "Rodriguez, M."]
[Black "Huenerkopf, H."]
[Result "0-1"]
[WhiteElo "2465"]
[BlackElo "2320"]
[PlyCount "118"]
[EventDate "1986.??.??"]

1. e4 c5 2. Nf3 d6 3. h3 Nf6 4. c3 Nc6 5. Bd3 e6 6. Bc2 d5 7. e5 Nd7 8. d4 Be7
9. O-O f5 10. exf6 Nxf6 11. dxc5 Bxc5 12. b4 Bd6 13. b5 Ne7 14. Re1 Qc7 15. Qe2
Bd7 16. a4 O-O 17. Ba3 Nf5 18. Ne5 Rae8 19. Bxd6 Nxd6 20. Nd2 Qxc3 21. Rec1 Qb4
22. Bd3 Nf7 23. Ndf3 Qd6 24. a5 Nxe5 25. Nxe5 Bc8 26. Re1 g6 27. Qe3 b6 28.
axb6 axb6 29. Qg5 Re7 30. Ra8 Nd7 31. Ng4 e5 32. Bf5 e4 33. Nh6+ Kh8 34. Bxd7
Rxd7 35. Rc1 Rc7 36. Rc6 Rxc6 37. bxc6 Qe6 38. c7 d4 39. Qd8 Kg7 40. Ng4 Qd7
41. Rxc8 Qxc8 42. Qxd4+ Kf7 43. Qd5+ Ke7 44. Qxe4+ Kd6 45. Qe5+ Kc6 46. Qe7 Re8
47. Ne5+ Kb7 48. Qd6 Re6 49. Qd5+ Ka7 50. Nd7 Re1+ 51. Kh2 Qxc7+ 52. g3 Re7 53.
Nf6 Qe5 54. Qa2+ Kb7 55. Ng4 Qe2 56. Qd5+ Ka7 57. Kg1 Qe1+ 58. Kh2 h5 59. Qa2+
Qa5 0-1

[Event "BL 8586 Bamberg-Erlangen"]
[Site "?"]
[Date "1986.??.??"]
[Round "?.3"]
[White "Heidrich, M."]
[Black "Ruehrig, V."]
[Result "1-0"]
[WhiteElo "2260"]
[BlackElo "2375"]
[PlyCount "103"]
[EventDate "1986.??.??"]

1. e4 Nf6 2. Nc3 e5 3. Nf3 Bb4 4. Nxe5 O-O 5. Be2 Re8 6. Nd3 Bxc3 7. dxc3 Nxe4
8. O-O d6 9. Nf4 Nd7 10. Be3 Ne5 11. Re1 Bd7 12. f3 Nf6 13. Bf1 Bc6 14. c4 a6
15. a4 d5 16. cxd5 Nxd5 17. Nxd5 Bxd5 18. b3 h5 19. Bf2 Re6 20. Bg3 Qd6 21. Qd4
Rae8 22. c4 Bc6 23. Qxd6 cxd6 24. Red1 h4 25. Bxh4 Bxf3 26. Rd2 Bh5 27. h3 f5
28. Rf2 Rf8 29. Bg5 Rg6 30. Bf4 Nf3+ 31. Kh1 Ng5 32. Bxg5 Rxg5 33. Bd3 Rf6 34.
Kh2 a5 35. Raf1 Bg6 36. Rf4 Kf7 37. Be2 Re6 38. Bf3 Re3 39. h4 Rxf3 40. R1xf3
Rh5 41. Rd3 Ke7 42. Rd5 Be8 43. Rdxf5 b6 44. Rxh5 Bxh5 45. Rf5 Be8 46. Kg3 Bd7
47. Rg5 Kf6 48. Kf4 Bc6 49. g4 d5 50. cxd5 Bd7 51. h5 Be8 52. Rf5+ 1-0